Countries With F - Statistics

General Stats
  • This quiz has been taken 47 times
  • The average score is 8 of 11
Answer Stats
Country % Correct
Finland
98%
France
98%
Fiji
95%
Afghanistan
90%
Federated States of Micronesia
74%
South Africa
71%
Central African Republic
67%
Burkina Faso
62%
Democratic Republic of the Congo
55%
Republic of the Congo
52%
United States of America
45%
No matching quizzes found
Score Distribution
Percent of People with Each Score
Percentile by Number Answered
Your Score History
You have not taken this quiz